000 00905nam a2200265Ia 4500
003 OSt
005 20220930072704.0
006 a|||||r|||| 00| 0
007 ta
008 220926b |||||||| |||| 00| 0 eng d
024 _a24760
037 _cTheses
040 _aCRL
_cCRL
_beng
041 _2eng
_aeng
100 _aWahi Manoj Kumar
_9530266
110 _aUniversity of Delhi. Faculty of Medical Sciences. Department of Forensic Medicine and Toxicology
_9530267
245 0 _aProfile of coronary and aortic atherosclerosis
_b An autopsy study
260 _c1998
300 _a63p.
_ap.
_ccm.
650 _aMEDICAL JURISPRUDENCE
_9522463
700 _a Dr S K Verma Supervisor
700 _aUniversity of Delhi. Faculty of Medical Sciences. Department of Forensic Medicine and Toxicology
_9530268
942 _cDIS
_2CC
999 _c864195
_d864195